Fotogrametría : (Registro nro. 3758)
[ vista simple ]
| 000 -LEADER | |
|---|---|
| fixed length control field | 02122nam a22002417a 4500 |
| 003 - CONTROL NUMBER IDENTIFIER | |
| control field | PE SENCICO BE |
| 005 - DATE AND TIME OF LATEST TRANSACTION | |
| control field | 20251020182624.0 |
| 008 - FIXED-LENGTH DATA ELEMENTS--GENERAL INFORMATION | |
| fixed length control field | 230110b |||||||| |||| 00| 0 eng d |
| 020 ## - INTERNATIONAL STANDARD BOOK NUMBER | |
| International Standard Book Number | 978-958-778-423-7 |
| 040 ## - CATALOGING SOURCE | |
| Original cataloging agency | PE SENCICO BE |
| Transcribing agency | PE SENCICO BE |
| 041 ## - LANGUAGE CODE | |
| Language code of text/sound track or separate title | spa |
| 082 ## - DEWEY DECIMAL CLASSIFICATION NUMBER | |
| Classification number | 526.982 |
| Item number | M42 |
| 100 1# - MAIN ENTRY--PERSONAL NAME | |
| 9 (RLIN) | 413 |
| Personal name | Mendoza Priesseng, Carlos Leonardo |
| Relator term | autor |
| 245 1# - TITLE STATEMENT | |
| Title | Fotogrametría : |
| Remainder of title | prácticas de fotogrametría básicas y problemas / |
| Statement of responsibility, etc. | Carlos Leonardo Mendoza Priesseng |
| 260 ## - PUBLICATION, DISTRIBUTION, ETC. | |
| Place of publication, distribution, etc. | Bogotá : |
| Name of publisher, distributor, etc. | Alfaomega, |
| Date of publication, distribution, etc. | 2018 |
| 300 ## - PHYSICAL DESCRIPTION | |
| Extent | xvii, 221 páginas : |
| Other physical details | il., col, tabls., |
| Dimensions | 23 cm. |
| 505 3# - FORMATTED CONTENTS NOTE | |
| Formatted contents note | Práctica 1. Ejercicio de visión estereoscópica -- Práctica 2. Determinación de la base del estereoscopio de espejos -- Práctica 3. Orientación de aerofotografías bajo el estereoscopio de espejos -- Práctica 4. Ejercicio de fotointerpretación -- Práctica 5. Uso de la barra de paralaje -- Práctica 6. Determinación de la escala de una aerofotografía -- Práctica 7. Medición de áreas sobre aerofotografías -- Práctica 8. Determinación del error debido al relieve usando la barra de paralaje -- Práctica 9. Determinación de diferencias de altura entre dos puntos usando la barra de paralaje -- Práctica 10. Elaboración de un estereograma y un mosaico usando aerofotografías -- Práctica 11. Construcción de un perfil a lo largo de una línea dibujada en una aerofotografía -- Práctica 12. Medición de una malla de puntos para la construcción de un modelo digital de terreno usando la barra de paralaje -- Práctica 13. Mediciones en una aerofotografía digital utilizando un sistema de información geográfica (SIG) -- Práctica 14. Despliegue y manipulación de imágenes digitales -- Práctica 15. Determinación de la diferencia de altura de un edificio o torre en imágenes digitales mediante la fórmula del error debido al relieve y el uso de software. |
| 650 14 - SUBJECT ADDED ENTRY--TOPICAL TERM | |
| 9 (RLIN) | 120 |
| Topical term or geographic name entry element | Fotogrametría |
| 650 24 - SUBJECT ADDED ENTRY--TOPICAL TERM | |
| 9 (RLIN) | 414 |
| Topical term or geographic name entry element | Fotogrametría aérea |
| 650 20 - SUBJECT ADDED ENTRY--TOPICAL TERM | |
| 9 (RLIN) | 125 |
| Topical term or geographic name entry element | Sistemas de Información Geográfica (SIG) |
| 910 ## - USER-OPTION DATA (OCLC) | |
| -- | hfp |
| -- | hfp |
| 942 ## - ADDED ENTRY ELEMENTS (KOHA) | |
| Source of classification or shelving scheme | Dewey Decimal Classification |
| Koha item type | Libros |
| Classification part | 526.982 |
| Item part | M42 |
| Fecha de la última vez que lo usaron | Número de ingreso o de inventario | Pago total | Signatura topográfica completa | Código de barras | Precio efectivo desde | Tipo de documento | Estado perdido | Sistema de clasificación | Estado dañado | No es para préstamo | Retirado | Ubicación permanente | Ubicación actual | Fecha de adquisición |
|---|---|---|---|---|---|---|---|---|---|---|---|---|---|---|
| 10/01/2023 | 16367 | 526.982/M42 | BibLima25070051 | 10/01/2023 | Libros | Dewey Decimal Classification | Biblioteca Central Lima | Biblioteca Central Lima | 10/01/2023 |